000 00955nas a2200301 4500
001 BR7700102
003 BR-BrBNA
005 20231205083032.0
007 ta
008 230509b bl.|||p| |||| 00| 00por d
040 _aBR-BrBNA
_bpor
_cBiblioteca Nacional de Agricultura
041 _a(Pt)
072 _aF60; F00
100 1 _aSilva, R.F. da
100 1 _aSilva, J.F. da
100 1 _aViggiano, J.
100 1 _aCouto, F.A. d'A.
100 1 _aConde, A.R.
245 1 _aEfeitos do teor de umidade da semente, dos tipos de embalagem e das condicoes de armazenamento na germinacao das sementes de quiabo (Abelmoschus esculentus, Moench)[Brasil]
650 _aQUIABO
650 _aSEMENTE
650 _aUMIDADE
650 _aPODER GERMINATIVO
650 _aARMAZENAMENTO
773 0 _tRevista Ceres (Brazil)
_xISSN 0034-737X
_g(Mar 1976), v. 23(126) p. 77-82
_wBR7700102
909 _a202311
_bLúcia
_c55
_dLúcia Elande
942 _2AGRIS
_n0
_cANA
999 _c95921
_d95921